El lazarillo de ciegos caminantes (Registro nro. 6973)

Detalles MARC
000 -LEADER
fixed length control field 00563 a2200205 4500
001 - CONTROL NUMBER
control field 60405
005 - DATE AND TIME OF LATEST TRANSACTION
control field 20260407155855.0
008 - FIXED-LENGTH DATA ELEMENTS--GENERAL INFORMATION
fixed length control field 260407a1997 arg spa d
003 - CONTROL NUMBER IDENTIFIER
control field AR-UNSa-BCEJYS
040 ## - CATALOGING SOURCE
Original cataloging agency AR-UNSa-BCEJYS
Language of cataloging spa
Transcribing agency AR-UNSa-BCEJYS
080 ## - UNIVERSAL DECIMAL CLASSIFICATION NUMBER
Universal Decimal Classification number 82-992
Common auxiliary subdivision Descripción de viajes
020 ## - INTERNATIONAL STANDARD BOOK NUMBER
International Standard Book Number 978-950-04-1780-8
041 ## - LANGUAGE CODE
Language code of text/sound track or separate title spa
100 1# - MAIN ENTRY--PERSONAL NAME
Personal name Concolorcorvo, Seud.
245 10 - TITLE STATEMENT
Title El lazarillo de ciegos caminantes
264 #1 - PRODUCTION, PUBLICATION, DISTRIBUTION, MANUFACTURE, AND COPYRIGHT NOTICE
Place of production, publication, distribution, manufacture Buenos Aires :
Name of producer, publisher, distributor, manufacturer Emecé
Date of production, publication, distribution, manufacture, or copyright notice 1997
300 ## - PHYSICAL DESCRIPTION
Extent 293 p.
Dimensions 22 cm.
590 ## - LOCAL NOTE (RLIN)
Local note niveau_biblio:m niveau_hierar:0
942 ## - ADDED ENTRY ELEMENTS (KOHA)
Koha item type
Existencias
Withdrawn status Lost status Damaged status Not for loan Home library Current library Shelving location Date acquired Total checkouts Full call number Barcode Date last seen Price effective from Koha item type Public note
        Biblioteca Prof. Eusebio Cleto del Rey Biblioteca Prof. Eusebio Cleto del Rey   07/04/2026   82-992 C744 L129160 07/04/2026 07/04/2026 Libro PÁG 67 A 70 DOBLADAS - CANTO LATERAL CON MANCHA - LÁPIZ PÁG 11,12,14,16,18